书目信息 |
| 题名: |
数字测图
|
|
| 作者: | 杨晓明 编著 | |
| 分册: | ||
| 出版信息: | 北京 测绘出版社 2009.02 |
|
| 页数: | 202页 | |
| 开本: | 26cm | |
| 丛书名: | ||
| 单 册: | ||
| 中图分类: | P283.7 | |
| 科图分类: | ||
| 主题词: | 数字化制图--高等学校--教材 , 数字化制图 | |
| 电子资源: | ||
| ISBN: | 978-7-5030-1894-7 | |
| 000 | 00918nam0 2200277 450 | |
| 001 | 004136128 | |
| 005 | 20130701093648.46 | |
| 010 | @a978-7-5030-1894-7@dCNY25.00 | |
| 100 | @a20100907d2009 em y0chiy0110 ea | |
| 101 | 0 | @achi |
| 102 | @aCN@b110000 | |
| 105 | @aak z 000yy | |
| 106 | @ar | |
| 200 | 1 | @a数字测图@9shu zi ce tu@dDigital mapping@f杨晓明[等]编著@zeng |
| 210 | @a北京@c测绘出版社@d2009.02 | |
| 215 | @a202页@d26cm | |
| 300 | @a高等学校统编教材 | |
| 304 | @a编著还有:沙从术,郑崇启,董斌 | |
| 330 | @a本书系统地介绍了数字测图的技术方法,具体内容包括:数字测图系统的硬件设备、数字测图的数学基础、计算机绘图原理、数字测图内业、数字地籍测绘等。 | |
| 510 | 1 | @aDigital mapping@zeng |
| 606 | 0 | @a数字化制图@x高等学校@j教材 |
| 606 | 0 | @a数字化制图 |
| 690 | @aP283.7@v4 | |
| 701 | 0 | @a杨晓明@9yang xiao ming@f(1957-)@4编著 |
| 801 | 0 | @aCN@bNLC@c20100907 |
| 905 | @b544596-600@dP283.7@e213@f5 | |
| 数字测图=Digital mapping/杨晓明[等]编著.-北京:测绘出版社,2009.02 |
| 202页;26cm |
| 高等学校统编教材 |
| ISBN 978-7-5030-1894-7:CNY25.00 |
| 本书系统地介绍了数字测图的技术方法,具体内容包括:数字测图系统的硬件设备、数字测图的数学基础、计算机绘图原理、数字测图内业、数字地籍测绘等。 |
| ● |
| 相关链接 |
|
|
|
|
正题名:数字测图
索取号:P283.7/213
 
预约/预借
| 序号 | 登录号 | 条形码 | 馆藏地/架位号 | 状态 | 备注 |
| 1 | 544596 | 205445963 | 第二样本阅览室/ [索取号:P283.7/213] | 在馆 | |
| 2 | 544597 | 205445972 | 第三借阅区/ [索取号:P283.7/213] | 在馆 | |
| 3 | 544598 | 205445981 | 第三借阅区/ [索取号:P283.7/213] | 在馆 | |
| 4 | 544599 | 205445990 | 第三借阅区/ [索取号:P283.7/213] | 在馆 | |
| 5 | 544600 | 205446007 | 第三借阅区/ [索取号:P283.7/213] | 在馆 |